00257nam a2200109Ia 4500008004100000100002300041245003000064260000900094650002000103942000700123999001700130190216s9999||||xx |||||||||||||| ||und|| aKatakada Divakaran 0aKeraleeya Gramangaliloode bNull aYathravivaranam cBK c24377d24377